=LDR 00000nam 2200000 4500 =001 INLIS000000000039690 =005 20130612145312 =008 ***********************************ind** =035 ##$$0010-061300000039690 =041 ##$$a ind =082 ##$$a 028.5 =090 ##$$a 028.5 , Tan, r =100 ##$$a Tan Shot Yen =245 ##$$a Resep panjang umur sehat dan sembuh , Tan shot yen =260 ##$$a 2010 $b Jakarta =300 ##$$a 88 hlm. , Illus , 22 cm =650 ##$$a MASAKAN-RESEP =700 ##$$a Ayodha =850 ##$$a NBPNMAT